LIBRARY & INFORMATION CENTRE, KCAET, TAVANUR

ONLINE PUBLIC ACCESS CATALOGUE (OPAC)

River scour 28-29 April 1993, Varanasi proceedings / (Record no. 821)

MARC details
000 -LEADER
fixed length control field 00911cam a2200145ua 4500
041 ## - LANGUAGE CODE
Language code of text/sound track or separate title eng
082 ## - DEWEY DECIMAL CLASSIFICATION NUMBER
Classification number 028.746271
Item number CBI/RI
245 ## - TITLE STATEMENT
Title River scour 28-29 April 1993, Varanasi proceedings /
260 ## - PUBLICATION, DISTRIBUTION, ETC. (IMPRINT)
Place of publication New Delhi :
Name of publisher Central board of I and P ,
Year of publication 1995.
300 ## - PHYSICAL DESCRIPTION
Number of Pages 174 ; .
942 ## - ADDED ENTRY ELEMENTS (KOHA)
Koha item type Books
Holdings
Withdrawn status Lost status Damaged status Home library Current library Date acquired Full call number Accession Number Koha item type
      KAUAET KAUAET 07/04/2012 028.746271 20250 Reference
free website counter